000
00280nam a2200121Ia 4500
005
20251222154322.0
008
251222s9999||||xx |||||||||||||| ||spa||
020
_a
84-8130-1876
082
_a
828.9/B84
100
_a
"Bronté, Emily"
245
0
_a
Cumbre borrascosas
942
_c
LIB
999
_c
33831
_d
33831